| 000 | 00000nam 2200000zi 4500 |
| 001 | 9.934726 |
| 003 | CaOODSP |
| 005 | 20240426131501 |
| 006 | m o d f |
| 007 | cr |n||||||||| |
| 008 | 240229s2001 onc ob f|0| 0 eng d |
| 020 | |z0662314115 |
| 040 | |aCaOODSP|beng|erda|cCaOODSP |
| 043 | |an-cn--- |
| 086 | 1 |aJS82-100/2000E-PDF|zJS82-100/1000E-PDF|zJS82-100/2000E|zJS82-100/1000E |
| 245 | 10|aCompendium 2000 on effective programming / |ceditors : Laurence L. Motiuk, Ralph C. Serin. |
| 264 | 1|a[Ottawa] : |bCorrectional Service Canada, |c2001. |
| 300 | |a1 online resource (250 unnumbered pages) |
| 336 | |atext|btxt|2rdacontent |
| 337 | |acomputer|bc|2rdamedia |
| 338 | |aonline resource|bcr|2rdacarrier |
| 500 | |aIssued also in French under title: Compendium 2000 des programmes correctionnels efficaces. |
| 500 | |aVolume 1 only. |
| 500 | |aMissing cover and title page. |
| 504 | |aIncludes bibliographical references. |
| 505 | 0 |aVol. 1: pt. 1 Contributing to effective correctional programs -- pt. 2 Correctional programs and interventions -- pt. 3 Evaluation. |
| 650 | 0|aCriminals|xRehabilitation|zCanada. |
| 650 | 0|aPrisoners|xEducation|zCanada. |
| 650 | 0|aCorrectional institutions|zCanada|xEvaluation. |
| 700 | 1 |aMotiuk, Laurence L. |q(Laurence Louis), |d1954- |
| 710 | 1 |aCorrectional Service Canada. |bResearch Branch, |eissuing body. |
| 775 | 08|tCompendium 2000 des programmes correctionnels efficaces / |w(CaOODSP)9.934734 |
| 794 | |tCompendium 2000 on effective correctional programming : |bvolume 2|w(CaOODSP)9.937467 |
| 856 | 40|qPDF|s2.06 MB|uhttps://publications.gc.ca/collections/collection_2024/scc-csc/JS82-100-2000-eng.pdf |